Premier League's Best Strike Duos Quiz Stats

 Plays Quiz not verified by Sporcle

Score 0/10 Timer 10:00
0 Plays Today
Club / number of goals scored Name of players % Correct
Man United / 35Dwight Yorke and Andy Cole
82.2%
Blackburn / 49Alan Shearer and Chris Sutton
69.7%
Liverpool / 52Daniel Sturridge and Luis Suarez
61.1%
Arsenal / 34Thierry Henry and Dennis Bergkamp
56.7%
Newcastle / 49Alan Shearer and Les Ferdinand
40.6%
Sunderland / 44Kevin Phillips and Niall Quinn
37.1%
Man United / 37Wayne Rooney and Ruud van Nistelrooy
20.8%
Liverpool / 42Robbie Fowler and Stan Collymore
17.7%
Newcastle / 55Andy Cole and Peter Beardsley
16.4%
Chelsea / 37Eidur Gudjohnsen and Jimmy Floyd Hasselbaink
8%

You're not logged in!

Compare scores with friends on all Sporcle quizzes.
OR
Log In

Sporcle TV

Today on Sporcle TV


Watch our educational content, quiz creation guides, and fun videos on Sporcle TV.

Show Comments

Extras

Top Quizzes Today


Score Distribution

Your Account Isn't Verified!

In order to create a playlist on Sporcle, you need to verify the email address you used during registration. Go to your Sporcle Settings to finish the process.

Report this User

Report this user for behavior that violates our Community Guidelines.

Details: